000 00608nam a2200229Ia 4500
003 OSt
005 20220918210239.0
006 a|||||r|||| 00| 0
007 ta
008 220917b |||||||| |||| 00| 0 eng d
024 _a119,742
037 _cTextual
040 _aARTS
_cARTS
_beng
041 _2eng
_aeng
082 _aV73:2591:N3, J0
100 _aWeyl Nathaniel
_9117563
245 0 _aTreason
_b story of disloyalty and betrayal in American history
260 _c1950
650 _aHISTORY
942 _hV73:2591:N3, J0
_cTEXL
_2CC
999 _c243001
_d243001